Регионална библиотека "Любен Каравелов" - Русе

Безкрайната игра (Запис номер 382301)

MARC детайли
000 -Лидер
Контролно поле с фиксирана дължина 01457nam a2200373 a 4500
003 - Код на организацията, давaща контролен номер
Контролно поле BLK
005 - Дата и час на последна редакция
Контролно поле 20240105113006.0
008 - Елементи от данни с фиксирана дължина
fixed length control field 202008b bul|||||r ||||||| ||bul||
020 ## - Международен стандартен номер на книга ISBN
Международен стандартен номер на книга ISBN 978-954-771-442-9
040 ## - Източник на каталожния запис
Идентификатор на билиотеката - собственик на записа BLK
041 ## - Код за език
Код за езика на текст/звукозапис или на отделно заглавие Български
Код за езика КДБФ Български
080 ## - УДК
Текстов определител УДК Бизнес план на фирми. Фирмено планиране (+658.012.2+338.26)
УДК код - определител по УДК 334.72.008.5
УДК - код + определител 334.72.008.5
080 ## - УДК
Текстов определител УДК Етика на бизнеса. Успех
УДК код - определител по УДК 174.4
УДК - код + определител 174.4
100 1# - Редна дума - Автор
Автор Синек, Саймън
Авторска отговорност първи автор
R(LIN) 120702
139 ## - Редно поле
Редна дума Синек, Саймън
Авторски знак Сим - С 37
245 10 - Сведения за заглавието
Заглавие Безкрайната игра
Редно поле (дума) Саймън Синек; прев. от англ. Камен Велчев.
257 ## - Страна на издаване
Страна на създаване/издаване Великобритания
260 ## - Област на издателските данни
Име на издателя, разпространителя и проч. Кръгозор
Година на издаване 2019
9 (RLIN) 209845
Място на издаване, разпространение и проч. София
300 ## - Физическа характеристика
Страници 286 с.
Размери/Мащаб 22 см
380 ## - Жанр
Жанр Обществени науки
500 ## - Общи забележки
Забележка Ориг. загл.: The infinite game / Simon Sinek<br/>Биогр. данни за авт. отбелязани на гърба на кор.
650 #4 - Допълнително описание по предмет – тема
Основно описание – тема или топоним Лидерство
9 (RLIN) 160414
650 #0 - Допълнително описание по предмет – тема
Основно описание – тема или топоним Бизнес - психологични и етични проблеми
9 (RLIN) 256038
653 ## - Ключова дума – ненормативна
Ключова дума лидерство
653 ## - Ключова дума – ненормативна
Ключова дума лидери
659 ## - Тематичен бюлетин
Тематичен бюлетин Н
700 ## - Други автори (авторска отговорност)
Лично име Велчев, Камен Петков
Дати, свързани с автора 1974 -
9 (RLIN) 333727
856 4# - Електронен адрес и достъп
Електронен формат pdf - файл
Инструкция (цена за достъп) 0.00
Права за достъп disable
856 4# - Електронен адрес и достъп
Електронен формат pdf - файл
Инструкция (цена за достъп) 0.00
Права за достъп disable
999 ## - СИСТЕМНИ КОНТРОЛНИ НОМЕРА
Koha biblionumber 382301
Koha biblioitemnumber 382301
942 ## - АРТИКУЛИ
Вид на библиотечния материал Книги
Скрит в OPAC Не
Koha issues (borrowed), all copies 7
Периодичен библиозапис Да
944 ## - СЪЗДАВАНЕ И РЕДАКЦИЯ на ЗАПИСА
Създаване/Редакция Създаване
Дата на регистрацията/редакция 2020-08-14
Служител, извършил регистрацията/редакцията 30530
Статус, дата на статуса Минев Младен
999 ## - СИСТЕМНИ КОНТРОЛНИ НОМЕРА
Koha biblioitemnumber 382301
999 ## - СИСТЕМНИ КОНТРОЛНИ НОМЕРА
Koha biblioitemnumber 382301
Наличности
Код за отписване Код за изгубен артикул Източник на класификационната схема Код за повреда Коз за рестрикции Код за отдаване Артикулен № Име на библиотеката - собственик Име на библиотеката, в която се намира в момента Статус (Текущо местоположение) Дата на вписване в системата Местоположение - отдел Цена в лева Систематично азбучна сигнатура Баркод Цена в евро Служебен тип на артикула
  Не е изгубен Universal Decimal Classification Не е повреден без рестрикции заемане за дома 799525 Регионална библиотека "Любен Каравелов" Русе Регионална библиотека "Любен Каравелов" Русе Заемна - подръчен фонд 2020-09-17 Заемна - подръчен фонд 17.50 334.7/С 37 С 120000846928 8.95 Книги
  Не е изгубен Universal Decimal Classification Не е повреден само за читалня ползва се в читалня 867921 Регионална библиотека "Любен Каравелов" Русе Регионална библиотека "Любен Каравелов" Русе Хранилище 2022-01-14 Хранилище 25.00 Цб 310187 120000863904 12.78 Книги
Vip Innovations Ltd, Rousse, Bulgaria 2025